Možnosti sociálnej integrácie detí so sluchovým postihnutím v materskej škole

Bibliographic Details
Main Author: Kročanová, Ľubica (Author)
Format: Article
Language:Slovak
Subjects:
Online Access:www.elis.sk

MARC

LEADER 00000nab a2200000 ar4500
001 vtls011507751
003 SK-MaSNL
005 20260304215255.0
008 160224c2015 xo qr|p|||an |000 b|slo
015 |a SNBRB2016/02 
038 |a SPK 
040 |a SPKCL  |b slo  |c AACR2  |e AACR2 
041 0 |a slo  |b slo  |b eng 
044 |a xo  |c SK 
072 7 |a 364  |x Sociálne problémy vyžadujúce podporu a pomoc. Sociálne zabezpečenie  |2 konspekt 
072 7 |a 316.3  |x Globálne spoločnosti. Sociálna štruktúra. Sociálne skupiny  |2 konspekt 
072 7 |a 373.2/.3  |x Predškolská a primárna výchova a vzdelávanie  |2 konspekt 
080 |a 364-786  |2 2001 
080 |a 316.344.6-056.263-053.2  |2 2001 
080 |a 373.2  |2 2001 
100 1 |a Kročanová, Ľubica  |4 aut  |9 12473 
245 1 0 |a Možnosti sociálnej integrácie detí so sluchovým postihnutím v materskej škole  |c Ľubica Kročanová 
246 3 1 |a Possibilities of social integration for children with a hearing impairment in kindergarten 
504 |a Bibliogr. odkazy 
546 |a Res. angl., slov. 
650 0 7 |a sociálna integrácia  |2 snkbucl  |9 60109 
650 0 7 |a sluchovo postihnuté deti  |2 snkbucl  |9 1077 
650 0 7 |a materské školy  |2 snkbucl  |9 1278 
773 0 |t Psychológia a patopsychológia dieťaťa  |g Roč. 49, č. 1-2 (2015), s. 99-106  |x 0555-5574 
852 |a SPK  |b KIS3GCP 
856 4 1 |u www.elis.sk 
958 |a NB  |2 snkbucl 
999 |c 3145621  |d 3147551